Missing Word: 'V' in Every Category Quiz Stats

 Plays Quiz Updated Jul 25, 2018

Challenge
Share
Tweet
Embed
Score 0/15 Timer 02:00
0 Plays Today
Hint Missing Word % Correct
Night _____ GogglesVision
91.7%
_____ WoolfVirginia
91.3%
_____ DayVeterans/Victoria
90.7%
Lucy _____ PeltVan
87.2%
FIVB Beach _____ World ChampionshipsVolleyball
86.7%
_____ Killed the Radio StarVideo
86.1%
Spy _____ Spyvs.
81%
University of _____ ForgeValley
79.3%
Hint Missing Word % Correct
Star Trek: _____Voyager
72%
The Man Who Shot Liberty _____Valance
66.6%
First _____ Council of the Roman Catholic ChurchVatican
65.7%
Amerigo _____Vespucci
64%
Joie de _____Vivre
53.9%
_____ Testaverde - BadgeVinny
50.4%
Andorra La _____Vella
32.6%

Today's Daily Dose

Missing Word
New England Movies

Word Ladder
Royal Titles

Get the Picture
Big 4 'B' All-Stars

You're not logged in!

Compare scores with friends on all Sporcle quizzes.
OR
Log In

You Might Also Like...

Show Comments

Extras

Top Quizzes Today


Score Distribution

Your Account Isn't Verified!

In order to create a playlist on Sporcle, you need to verify the email address you used during registration. Go to your Sporcle Settings to finish the process.

Report this User

Report this user for behavior that violates our Community Guidelines.

Details: